Raízes (Registo nº 4000)

Detalhes MARC
000 -Etiqueta do registo
Cabeçalho 00603cam a2200241 4500
005 - Identificador da versão
Campo de controlo 20240813122050.0
010 ## - Número internacional normalizado dos livros (ISBN)
Número (ISBN) 9727722474
021 ## - Número do Depósito Legal
Código do país PT
Número 164421/01
100 ## - Dados gerais de processamento
Dados gerais de processamento 20010927d2001 m y0pory5003 ba
102 ## - Pais de publicação ou produção
País de publicação Portugal
101 0# - Língua de publicação
Língua do texto, banda sonora, etc. Português
106 ## - Campo de dados codificados: material textual
Dados codificados do material textual r
105 ## - Campo de dados codificados: livros
Dados codificados dos livros y z 000fy
215 ## - Descrição física 
Indicação específica da natureza do documento e extensão da espécie 26 p.
Dimensões 23 cm
200 1# - Titulo e menção de responsabilidade
Título próprio Raízes
Primeira menção de responsabilidade Simões Netto
210 ## - Publicação, Distribuição, etc. 
Lugar da edição, distribuição, etc. Lisboa
Nome do editor, distribuidor, etc. Colibri
Data da publicação, distribuição, etc. 2001
300 ## - Notas gerais 
Texto da nota Prémio Manuel Teixeira Gomes - 2000 (Menção Honrosa)
675 ## - Classificação Decimal Universal (CDU)
Notação 821.134.3-34"19"
Edição BN
Língua da edição por
700 #1 - Nome de autor-pessoa física (responsabilidade principal)
Número de registo de entrada de autoridade 0000471
Palavra de ordem Neto
Outra parte do nome não tomada para palavra de ordem Simões
942 ## - Elementos de entrada adicionados (Koha)
Tipo de item no Koha Livro
Exemplares
Situação do levantamento Origin of item (home branch) (coded) Biblioteca de empréstimo Código de barras Cota Circulation type (not for loan) Tipo de documento Nota do exemplar Damaged status
  Biblioteca Escolar das Vendas Biblioteca Escolar das Vendas BEV697 8POR NET   Livro Sem mensagem